=LDR 00000nam 2200000 4500 =001 INLIS000000000057176 =005 20201207081104 =035 ##$$a 0010-1220000077 =007 ta =008 201207###########################0#ind## =020 ##$$a 978-979-22-9285-5 =082 ##$$a 899.221 3 =084 ##$$a 899.221 3 Hil m =245 1#$$a Main hati : $b Karena cinta tidak bisa mati tapi bisa pergi kalau tidak dijaga sepenuh hati /$c Hilbram Dunar =300 ##$$a 217 halaman ; $c 21 cm =650 #4$$a fiksi Indonesia =264 ##$$a jakarta :$b Gramedia pustaka utama,$c 2013 =336 ##$$a teks$2 rdacontent =337 ##$$a lain-lain$2 rdamedia =338 ##$$a lain-lain$2 rdacarrier =990 ##$$a 3223932239